[Event "Abe Yanofsky mem"]
[Site "Winnipeg CAN"]
[Date "2006.09.02"]
[Round "3"]
[White "Boron, Anthony"]
[Black "Gannon, Keith"]
[Result "1-0"]
[WhiteElo "1966"]
[BlackElo "1526"]
[PlyCount "87"]
[EventDate "2006.09.03"]
[EventType "swiss"]
[EventRounds "6"]
[EventCountry "CAN"]

1. d4 d5 2. Nf3 Nf6 3. e3 e6 4. Bd3 c5 5. c3 Nc6 6. Nbd2 cxd4 7. cxd4 Bd7 8.
O-O Be7 9. a3 O-O 10. b4 a6 11. Bb2 b5 12. Nb3 Re8 13. Rc1 Rc8 14. Nc5 Bxc5 15.
dxc5 e5 16. Bb1 Bg4 17. h3 Bh5 18. Qd2 Bxf3 19. gxf3 Qd7 20. Kh2 g6 21. Rg1
Rcd8 22. Rg5 d4 23. Rd1 dxe3 24. Qxd7 Rxd7 25. Rxd7 Nxd7 26. fxe3 Kg7 27. Be4
Ndb8 28. Rg2 f6 29. Rd2 Rc8 30. Rd6 f5 31. Bd5 h5 32. f4 Kh7 33. fxe5 a5 34.
Bc3 axb4 35. axb4 Ne7 36. Bf3 Nbc6 37. Rd7 Kh6 38. h4 Ra8 39. e6 Ra2+ 40. Kg3
g5 41. Bxc6 gxh4+ 42. Kxh4 Nxc6 43. e7 Ra8 44. Rd6+ 1-0

[Event "Abe Yanofsky mem"]
[Site "Winnipeg CAN"]
[Date "2006.09.02"]
[Round "3"]
[White "Clark, Robert"]
[Black "Zaczek, Jonathan"]
[Result "0-1"]
[WhiteElo "1602"]
[BlackElo "2077"]
[PlyCount "50"]
[EventDate "2006.09.03"]
[EventType "swiss"]
[EventRounds "6"]
[EventCountry "CAN"]

1. d4 Nf6 2. c4 g6 3. Nc3 d5 4. cxd5 Nxd5 5. e4 Nxc3 6. bxc3 Bg7 7. Be3 c5 8.
Bc4 Nc6 9. Ne2 cxd4 10. cxd4 O-O 11. O-O Bg4 12. f3 Na5 13. Bxf7+ Rxf7 14. fxg4
Rxf1+ 15. Kxf1 e5 16. d5 Qd7 17. h3 Nc4 18. Qb3 Rc8 19. Rc1 b5 20. Kg1 Bf8 21.
Bg5 a5 22. Rf1 a4 23. Qf3 Bc5+ 24. Kh2 Rf8 25. Bf6 Nd2 0-1

[Event "Abe Yanofsky mem"]
[Site "Winnipeg CAN"]
[Date "2006.09.02"]
[Round "3"]
[White "Cleto, Sam"]
[Black "Booth, Kevin"]
[Result "0-1"]
[WhiteElo "1802"]
[BlackElo "1606"]
[PlyCount "79"]
[EventDate "2006.09.03"]
[EventType "swiss"]
[EventRounds "6"]
[EventCountry "CAN"]

1. e4 e5 2. Nf3 Nc6 3. Bb5 d6 4. O-O Nf6 5. Re1 Bg4 6. c3 Be7 7. d4 exd4 8.
cxd4 O-O 9. Nbd2 Nxd4 10. Bd3 Nd7 11. h3 Nxf3+ 12. Nxf3 Bh5 13. g4 Bg6 14. Bf4
Nc5 15. Bc2 Bf6 16. Rb1 Re8 17. g5 Be7 18. h4 Bf8 19. Nd2 f6 20. b4 Ne6 21. Bb3
Kh8 22. Bxe6 Rxe6 23. Qg4 Qe8 24. f3 f5 25. Qg2 fxe4 26. fxe4 Qa4 27. Qh3 Rae8
28. h5 Bxe4 29. Nxe4 Rxe4 30. Rxe4 Rxe4 31. Qf5 Qe8 32. Bd2 Re2 33. Rf1 Be7 34.
Bc3 Re3 35. Bd2 Re5 36. Qf3 Kg8 37. Bf4 Rf5 38. h6 Bxg5 39. Qb3+ d5 40. Qg3 0-1

[Event "Abe Yanofsky mem"]
[Site "Winnipeg CAN"]
[Date "2006.09.02"]
[Round "3"]
[White "Curtis, Rory"]
[Black "Repa, Jason"]
[Result "0-1"]
[WhiteElo "1637"]
[BlackElo "1960"]
[PlyCount "54"]
[EventDate "2006.09.03"]
[EventType "swiss"]
[EventRounds "6"]
[EventCountry "CAN"]

1. d4 e6 2. c4 f5 3. Nc3 Bb4 4. Nf3 Bxc3+ 5. bxc3 Nf6 6. h3 b6 7. Bg5 Bb7 8. e3
d6 9. Bd3 Nbd7 10. Qb3 Qe7 11. a4 a5 12. O-O O-O 13. Nd2 Qf7 14. Bh4 Rae8 15.
f3 Qg6 16. e4 Qh6 17. Bxf6 Qxd2 18. Bxg7 Kxg7 19. Rad1 Qe3+ 20. Kh1 fxe4 21.
Bxe4 Bxe4 22. fxe4 Qxe4 23. Qb5 Nf6 24. Rf3 Re7 25. Qg5+ Qg6 26. Qe3 Kh8 27. g4
Nd7 0-1

[Event "Abe Yanofsky mem"]
[Site "Winnipeg CAN"]
[Date "2006.09.02"]
[Round "3"]
[White "Geley, Shawn"]
[Black "Oberton, Daniel"]
[Result "0-1"]
[WhiteElo "1517"]
[BlackElo "1816"]
[PlyCount "110"]
[EventDate "2006.09.03"]
[EventType "swiss"]
[EventRounds "6"]
[EventCountry "CAN"]

1. e4 c5 2. c3 d5 3. exd5 Qxd5 4. d4 e6 5. Nf3 Nf6 6. dxc5 Qxd1+ 7. Kxd1 Bxc5
8. Bb5+ Bd7 9. Bxd7+ Nbxd7 10. Rf1 Ng4 11. Nd4 Nxh2 12. Re1 Ng4 13. f3 Ngf6 14.
Be3 O-O 15. b4 Bd6 16. Kc2 Rac8 17. Kb2 Ne5 18. Kb3 a6 19. Nd2 Nd5 20. Rac1
Nxe3 21. Rxe3 Nc6 22. Ne2 Rfd8 23. Nc4 Bc7 24. Rc2 b5 25. Nb2 Bb8 26. f4 Ba7
27. Rh3 Rd7 28. Nd3 Rcd8 29. Nec1 Rd5 30. g4 e5 31. Rch2 e4 32. Rxh7 Kf8 33.
Nb2 e3 34. Rh8+ Ke7 35. Rxd8 Nxd8 36. Nbd3 Ne6 37. Kc2 g5 38. Ne2 gxf4 39.
Nexf4 Nxf4 40. Nxf4 Rg5 41. Re2 Kd6 42. Ng2 Rxg4 43. Nxe3 Bxe3 44. Rxe3 Rg2+
45. Kb3 f5 46. a4 Kd5 47. axb5 axb5 48. Rd3+ Ke4 49. Rh3 f4 50. Rh4 Kf5 51. Rh8
f3 52. c4 bxc4+ 53. Kxc4 f2 54. Kc5 Rg5 55. Kc6 Rg6+ 0-1

[Event "Abe Yanofsky mem"]
[Site "Winnipeg CAN"]
[Date "2006.09.02"]
[Round "3"]
[White "Green, Jim"]
[Black "Hanrahan, Nigel"]
[Result "1/2-1/2"]
[WhiteElo "1683"]
[BlackElo "1612"]
[PlyCount "53"]
[EventDate "2006.09.03"]
[EventType "swiss"]
[EventRounds "6"]
[EventCountry "CAN"]

1. e4 c6 2. d4 d5 3. e5 Bf5 4. g4 Bd7 5. Nc3 h5 6. g5 Qb6 7. Be2 g6 8. Nf3 Bh3
9. Bf1 Bxf1 10. Kxf1 e6 11. Kg2 Nd7 12. a3 h4 13. h3 Ne7 14. b4 Nf5 15. Be3 Be7
16. Qd3 Qd8 17. Ne2 Nf8 18. Bf4 Rh5 19. Rhg1 Nh7 20. Kh2 Nxg5 21. Bxg5 Bxg5 22.
Nxg5 Rxg5 23. Nf4 Rxg1 24. Rxg1 Qe7 25. Nh5 O-O-O 26. Nf6 Rh8 27. Rb1 1/2-1/2

[Event "Abe Yanofsky mem"]
[Site "Winnipeg CAN"]
[Date "2006.09.02"]
[Round "3"]
[White "Khedkar, Jay"]
[Black "Anderson, George"]
[Result "1-0"]
[WhiteElo "1822"]
[BlackElo "1471"]
[PlyCount "53"]
[EventDate "2006.09.03"]
[EventType "swiss"]
[EventRounds "6"]
[EventCountry "CAN"]

1. d4 e6 2. c4 b6 3. Nf3 h6 4. g3 Bb7 5. Bg2 Nc6 6. O-O Rb8 7. Nc3 Bd6 8. e4
Ba6 9. b3 Bb4 10. Bb2 Nf6 11. d5 exd5 12. exd5 Ne7 13. Ne5 d6 14. Nd3 Bc5 15.
b4 Bxc4 16. bxc5 bxc5 17. Rb1 O-O 18. Re1 Nexd5 19. Nxd5 Nxd5 20. Qg4 Nf6 21.
Bxf6 Qxf6 22. Qxc4 Qd4 23. Bd5 Qxc4 24. Bxc4 c6 25. Nf4 Rb4 26. Rxb4 cxb4 27.
Ng6 1-0

[Event "Abe Yanofsky mem"]
[Site "Winnipeg CAN"]
[Date "2006.09.02"]
[Round "3"]
[White "Klokow, John"]
[Black "Rumpel, Chris"]
[Result "1/2-1/2"]
[WhiteElo "1741"]
[BlackElo "1657"]
[PlyCount "56"]
[EventDate "2006.09.03"]
[EventType "swiss"]
[EventRounds "6"]
[EventCountry "CAN"]

1. e4 e6 2. Qe2 c5 3. g3 Nc6 4. c3 d5 5. Bg2 Nf6 6. e5 Nd7 7. f4 f6 8. exf6
Nxf6 9. Nf3 Bd6 10. O-O O-O 11. d3 Qc7 12. Na3 a6 13. Nc2 e5 14. fxe5 Nxe5 15.
Nxe5 Bxe5 16. Bg5 Bg4 17. Bxd5+ Kh8 18. Bf3 Rae8 19. Qg2 Bf5 20. Rad1 Rd8 21.
Bxf6 Bxf6 22. Be4 Bg4 23. Rd2 Qd7 24. Re1 Bg5 25. Rf2 Bh3 26. Rxf8+ Rxf8 27.
Qe2 Qf7 28. Bg2 Bg4 1/2-1/2

[Event "Abe Yanofsky mem"]
[Site "Winnipeg CAN"]
[Date "2006.09.02"]
[Round "3"]
[White "Kwiatek, Jordan"]
[Black "Wood, Nathan"]
[Result "1-0"]
[WhiteElo "1811"]
[BlackElo "1579"]
[PlyCount "35"]
[EventDate "2006.09.03"]
[EventType "swiss"]
[EventRounds "6"]
[EventCountry "CAN"]

1. e4 e5 2. Bc4 Nf6 3. d4 exd4 4. Nf3 Bb4+ 5. c3 dxc3 6. bxc3 Be7 7. e5 Ng4 8.
h3 Nh6 9. Bxh6 gxh6 10. Qd5 O-O 11. Qe4 d5 12. Bxd5 c6 13. Bb3 Qc7 14. Nd4 Nd7
15. Nf5 Bg5 16. e6 Nc5 17. exf7+ Rxf7 18. Qe8# 1-0

[Event "Abe Yanofsky mem"]
[Site "Winnipeg CAN"]
[Date "2006.09.02"]
[Round "3"]
[White "Nikouline, Alexandre"]
[Black "Adol, Deng"]
[Result "1-0"]
[WhiteElo "2021"]
[BlackElo "1785"]
[PlyCount "117"]
[EventDate "2006.09.03"]
[EventType "swiss"]
[EventRounds "6"]
[EventCountry "CAN"]

1. e4 e5 2. Nf3 d6 3. d4 exd4 4. Nxd4 Nf6 5. Nc3 Be7 6. Bd3 O-O 7. O-O Nc6 8.
Nxc6 bxc6 9. Bg5 Qd7 10. f3 Nh5 11. f4 Nf6 12. f5 Bb7 13. Qf3 h6 14. Be3 d5 15.
e5 d4 16. exf6 Bxf6 17. Ne4 dxe3 18. Nxf6+ gxf6 19. Qxe3 Kh7 20. Rf4 Rg8 21.
Rh4 Rg5 22. Qh3 Kg7 23. Rb4 Bc8 24. Qf3 Qd6 25. Rc4 Bb7 26. Be4 Rd8 27. Rc3 Re8
28. Rd1 Qe5 29. h4 Qxe4 30. hxg5 hxg5 31. Qxe4 Rxe4 32. Rd7 Bc8 33. Rxc7 Bxf5
34. Kf2 Rf4+ 35. Rf3 Rxf3+ 36. gxf3 Bxc2 37. Rxa7 Bf5 38. Rc7 Be6 39. a4 Bd5
40. b4 f5 41. a5 g4 42. f4 Kf6 43. a6 Ke6 44. a7 c5 45. Rxc5 Bf3 46. b5 Kd6 47.
Rc6+ Bxc6 48. bxc6 Kxc6 49. a8=Q+ Kd6 50. Qe8 f6 51. Ke3 g3 52. Qg6 Ke6 53.
Qxg3 Kd5 54. Qg7 Kc5 55. Qd7 Kc4 56. Qc6+ Kb3 57. Kd3 Kb4 58. Qb6+ Ka3 59. Kc3
1-0

[Event "Abe Yanofsky mem"]
[Site "Winnipeg CAN"]
[Date "2006.09.02"]
[Round "3"]
[White "Perron, Sean"]
[Black "Vlaovic, George"]
[Result "1/2-1/2"]
[WhiteElo "2166"]
[BlackElo "2295"]
[PlyCount "48"]
[EventDate "2006.09.03"]
[EventType "swiss"]
[EventRounds "6"]
[EventCountry "CAN"]

1. d4 c5 2. d5 e6 3. c4 exd5 4. cxd5 d6 5. Nc3 Na6 6. e4 Nc7 7. a4 Nf6 8. Be2
Be7 9. Nf3 O-O 10. O-O Nfe8 11. Bc4 Rb8 12. h3 a6 13. a5 Bd7 14. Qd3 Bf6 15.
Re1 b5 16. axb6 Rxb6 17. e5 dxe5 18. Nxe5 Nd6 19. Nxd7 Qxd7 20. Be3 Nxc4 21.
Qxc4 Rxb2 22. Ne4 Qxd5 23. Nxf6+ gxf6 24. Qxc5 Qxc5 1/2-1/2

[Event "Abe Yanofsky mem"]
[Site "Winnipeg CAN"]
[Date "2006.09.02"]
[Round "3"]
[White "Pierre, Rolland"]
[Black "Lauritson, Jim"]
[Result "1-0"]
[WhiteElo "1566"]
[BlackElo "1867"]
[PlyCount "75"]
[EventDate "2006.09.03"]
[EventType "swiss"]
[EventRounds "6"]
[EventCountry "CAN"]

1. e4 c5 2. Nf3 e6 3. d4 cxd4 4. Nxd4 Nc6 5. Nb5 d6 6. c4 Nf6 7. N1c3 a6 8. Na3
b6 9. Be2 Bb7 10. Bg5 Be7 11. O-O Qc7 12. Bf3 Ne5 13. Re1 Nxc4 14. Nxc4 Qxc4
15. Rc1 Rc8 16. Nd5 Qxa2 17. Rxc8+ Bxc8 18. Nxb6 O-O 19. Qc2 Bb7 20. Qc7 Qa5
21. Rd1 Bd8 22. Qxb7 Bxb6 23. Bd2 Qb5 24. e5 dxe5 25. Bc3 h6 26. Bxe5 Bxf2+ 27.
Kxf2 Qxe5 28. h3 a5 29. b3 Rb8 30. Qc6 Rxb3 31. Rd8+ Kh7 32. Qc2+ Ne4+ 33.
Bxe4+ f5 34. Qxb3 Qf4+ 35. Kg1 Qxe4 36. Qc3 a4 37. Rd7 e5 38. Re7 1-0

[Event "Abe Yanofsky mem"]
[Site "Winnipeg CAN"]
[Date "2006.09.02"]
[Round "3"]
[White "Poustie, Harold"]
[Black "Green, Aaron"]
[Result "1-0"]
[WhiteElo "1430"]
[BlackElo "1350"]
[PlyCount "51"]
[EventDate "2006.09.03"]
[EventType "swiss"]
[EventRounds "6"]
[EventCountry "CAN"]

1. e4 c5 2. Nf3 d6 3. Nc3 Nf6 4. Bc4 g6 5. Ng5 e6 6. d3 h6 7. Nf3 Bd7 8. d4
cxd4 9. Nxd4 Nc6 10. a3 Qb6 11. Be3 Qc7 12. h3 Bg7 13. Ndb5 Qb8 14. Nxd6+ Ke7
15. Bc5 Kf8 16. Nf5+ Kg8 17. Nxg7 Kxg7 18. Bd6 Qc8 19. Nb5 Na5 20. Nc7 Nxe4 21.
Qd4+ Nf6 22. Nxa8 Nc6 23. Qc3 Qxa8 24. Rd1 Qc8 25. b3 Nd8 26. Be7 1-0

[Event "Abe Yanofsky mem"]
[Site "Winnipeg CAN"]
[Date "2006.09.02"]
[Round "3"]
[White "Remillard, John"]
[Black "Pottinger, Carl"]
[Result "1/2-1/2"]
[WhiteElo "1599"]
[BlackElo "1721"]
[PlyCount "79"]
[EventDate "2006.09.03"]
[EventType "swiss"]
[EventRounds "6"]
[EventCountry "CAN"]

1. e4 c5 2. Nf3 d6 3. Nc3 g6 4. Bb5+ Bd7 5. Qe2 Bg7 6. O-O Nf6 7. e5 dxe5 8.
Nxe5 O-O 9. Bxd7 Nbxd7 10. Nxd7 Qxd7 11. Re1 Rfe8 12. Qb5 Qc7 13. Ne4 b6 14. d3
Rac8 15. g3 Nxe4 16. Rxe4 e5 17. f4 f5 18. Re1 Re7 19. Qc4+ Kh8 20. c3 Rce8 21.
fxe5 Rxe5 22. Rxe5 Qxe5 23. Bf4 Qe6 24. Qxe6 Rxe6 25. Kf2 Bf8 26. Re1 Rxe1 27.
Kxe1 Kg7 28. Bb8 a6 29. Ba7 b5 30. d4 cxd4 31. Bxd4+ Kf7 32. Kf2 Ke6 33. Kf3
Bd6 34. h3 Kd5 35. g4 fxg4+ 36. Kxg4 Be7 37. Bg7 h5+ 38. Kf4 Ke6 39. Ke4 g5 40.
b3 1/2-1/2

[Event "Abe Yanofsky mem"]
[Site "Winnipeg CAN"]
[Date "2006.09.02"]
[Round "3"]
[White "Sigurdson, Matthew"]
[Black "Zhou, Lu"]
[Result "1/2-1/2"]
[WhiteElo "1244"]
[BlackElo "1786"]
[PlyCount "112"]
[EventDate "2006.09.03"]
[EventType "swiss"]
[EventRounds "6"]
[EventCountry "CAN"]

1. e4 c5 2. c3 d5 3. exd5 Qxd5 4. Nf3 Nf6 5. d4 Nc6 6. Bb5 Bg4 7. Bxc6+ bxc6 8.
Nbd2 e6 9. O-O cxd4 10. cxd4 Be7 11. Qc2 Bf5 12. Qb3 O-O 13. Qc3 Rab8 14. b3
Rfc8 15. Bb2 Ne4 16. Qe3 Bf6 17. Nc4 Be7 18. Rac1 f6 19. Rfe1 Kf7 20. Re2 Re8
21. Nh4 Nd6 22. Nxf5 Nxf5 23. Qd3 Rbd8 24. Ne3 Qd7 25. Nxf5 exf5 26. Qc4+ Qd5
27. Qxc6 Qxc6 28. Rxc6 Bd6 29. Rxe8 Rxe8 30. g3 Rd8 31. Kf1 Ke6 32. Ke2 Kd5 33.
Ra6 Rd7 34. Ra5+ Ke6 35. Ke3 Bc7 36. Ra6+ Bb6 37. Ra4 g5 38. f4 Kd5 39. Ba3 Rd8
40. Bc5 Re8+ 41. Kd3 Re4 42. Bxb6 axb6 43. Rb4 Kc6 44. Rc4+ Kd5 45. a4 gxf4 46.
gxf4 Rxf4 47. a5 Rf3+ 48. Kc2 bxa5 49. Ra4 h5 50. Rxa5+ Kxd4 51. Rb5 Rf2+ 52.
Kd1 Kd3 53. Ke1 Rxh2 54. Rxf5 Kc3 55. Rf3+ Kb4 56. Kf1 Rb2 1/2-1/2

[Event "Abe Yanofsky mem"]
[Site "Winnipeg CAN"]
[Date "2006.09.02"]
[Round "3"]
[White "Silva, T Romeo"]
[Black "Melamedoff, Gustavo"]
[Result "1-0"]
[WhiteElo "1772"]
[BlackElo "1975"]
[PlyCount "105"]
[EventDate "2006.09.03"]
[EventType "swiss"]
[EventRounds "6"]
[EventCountry "CAN"]

1. Nf3 d5 2. d4 e6 3. c4 c6 4. Nc3 f5 5. a3 Nf6 6. Bg5 Be7 7. e3 O-O 8. Bd3 Ne4
9. Bxe7 Qxe7 10. O-O Nd7 11. Rc1 g5 12. Ne2 g4 13. Nd2 Qg5 14. Bxe4 fxe4 15.
Qb3 Nf6 16. Rc3 Kh8 17. a4 b6 18. Qb4 Ba6 19. b3 e5 20. Qe7 Rfe8 21. Qd6 c5 22.
dxc5 Rad8 23. Qc7 d4 24. exd4 Qxd2 25. dxe5 Qd7 26. cxb6 axb6 27. Qxb6 Re6 28.
Qc5 Nh5 29. Qe3 Rxe5 30. b4 Bc8 31. b5 Qd2 32. Qb6 Rde8 33. Re3 Qb4 34. Qd4 Qc5
35. Qc3 Kg8 36. Nd4 Nf4 37. Rfe1 Nd3 38. Rf1 Qb4 39. Rxd3 Qxa4 40. Re3 Rc5 41.
Rc1 Bb7 42. Nb3 Rcc8 43. h3 Bd5 44. Qf6 Bxc4 45. Qg5+ Kh8 46. Qf6+ Kg8 47. Qg5+
Kh8 48. Nd4 Be6 49. Qf6+ Kg8 50. Rc6 Rxc6 51. bxc6 Bc8 52. hxg4 Qa5 53. Nf5 1-0

[Event "Abe Yanofsky mem"]
[Site "Winnipeg CAN"]
[Date "2006.09.02"]
[Round "3"]
[White "Trueman, Francis"]
[Black "Kaptsan, Aron"]
[Result "1-0"]
[WhiteElo "1447"]
[BlackElo "1947"]
[PlyCount "93"]
[EventDate "2006.09.03"]
[EventType "swiss"]
[EventRounds "6"]
[EventCountry "CAN"]

1. Nf3 Nf6 2. d3 d5 3. Nbd2 c5 4. g3 Nc6 5. Bg2 e5 6. e4 Be7 7. O-O O-O 8. c3
Re8 9. Re1 Bf8 10. Qe2 d4 11. c4 Rb8 12. Nf1 h6 13. h4 a6 14. N1h2 b5 15. b3 b4
16. a4 bxa3 17. Rxa3 Nb4 18. Kh1 Bd6 19. Rg1 Re7 20. Ne1 Qc7 21. Qf3 Ra8 22.
Bxh6 Nh7 23. Bc1 Qb8 24. g4 a5 25. g5 Rea7 26. h5 Bd7 27. g6 fxg6 28. hxg6 Nf6
29. Bh3 Qc8 30. Bxd7 Qxd7 31. Rg3 Kf8 32. Ng4 Ke7 33. Bg5 Qe6 34. Rh3 Kd7 35.
Nxf6+ gxf6 36. Rh7+ Kc6 37. Rxa7 Rxa7 38. Bxf6 Be7 39. Bxe7 Rxe7 40. Qf5 Qd6
41. Rxa5 Re6 42. Nc2 Kb6 43. Rb5+ Kc6 44. Nxb4+ cxb4 45. Rd5 Qe7 46. Kg2 Rf6
47. Qc8+ 1-0

[Event "Abe Yanofsky mem"]
[Site "Winnipeg CAN"]
[Date "2006.09.02"]
[Round "3"]
[White "Tuason, Alfred"]
[Black "Towns, Barry"]
[Result "1-0"]
[WhiteElo "1370"]
[BlackElo "1766"]
[PlyCount "75"]
[EventDate "2006.09.03"]
[EventType "swiss"]
[EventRounds "6"]
[EventCountry "CAN"]

1. b3 b6 2. Bb2 Bb7 3. c4 e6 4. Nc3 Nf6 5. e4 c5 6. d3 Nc6 7. Nf3 Be7 8. Be2
O-O 9. O-O Nh5 10. g3 f5 11. Nh4 fxe4 12. Bxh5 exd3 13. Ng2 Bf6 14. Bf3 Bd4 15.
Na4 Bxb2 16. Nxb2 Qf6 17. Bxc6 Bxc6 18. Nxd3 Bf3 19. Qd2 Qg6 20. Ne5 Qh5 21.
Nxf3 Rxf3 22. Qxd7 Raf8 23. Qxe6+ Kh8 24. Rae1 Qg5 25. Qe7 Qd2 26. Qe2 Qd4 27.
Qxf3 Qd6 28. Qd5 Qf6 29. Qd7 h5 30. Re8 g5 31. Rxf8+ Qxf8 32. Re1 h4 33. Re8
Qg8 34. Rxg8+ Kxg8 35. gxh4 gxh4 36. Nxh4 a6 37. Nf5 b5 38. Qg7# 1-0

[Event "Abe Yanofsky mem"]
[Site "Winnipeg CAN"]
[Date "2006.09.02"]
[Round "3"]
[White "Vincent, Trevor"]
[Black "Lipnowski, Samuel"]
[Result "0-1"]
[WhiteElo "2070"]
[BlackElo "2190"]
[PlyCount "54"]
[EventDate "2006.09.03"]
[EventType "swiss"]
[EventRounds "6"]
[EventCountry "CAN"]

1. c4 e6 2. g3 Nf6 3. Bg2 Be7 4. Nf3 O-O 5. O-O b6 6. b3 Bb7 7. Bb2 a5 8. Nc3
Na6 9. d4 Ne4 10. Nd2 Nxc3 11. Bxc3 Bxg2 12. Kxg2 Qc8 13. e4 Qb7 14. d5 Bb4 15.
Bb2 f5 16. f3 Rf7 17. a3 Bf8 18. Qc2 Re8 19. Rae1 Qa8 20. Re2 fxe4 21. fxe4
Rxf1 22. Nxf1 Qd8 23. Rf2 Qg5 24. Nd2 Qg6 25. Qc3 Nc5 26. Qf3 exd5 27. exd5 Nd3
0-1

[Event "Abe Yanofsky mem"]
[Site "Winnipeg CAN"]
[Date "2006.09.02"]
[Round "3"]
[White "Wasserman, Leor"]
[Black "Rutter, Blair"]
[Result "0-1"]
[WhiteElo "1348"]
[BlackElo "1803"]
[PlyCount "36"]
[EventDate "2006.09.03"]
[EventType "swiss"]
[EventRounds "6"]
[EventCountry "CAN"]

1. e4 e6 2. d4 d5 3. Nc3 Nf6 4. e5 Nfd7 5. Nf3 c5 6. Bb5 Nc6 7. Bxc6 bxc6 8.
Be3 cxd4 9. Bxd4 c5 10. Be3 d4 11. Bxd4 cxd4 12. Qxd4 Bc5 13. Qd2 Ba6 14. a3
Qc7 15. b4 Bb6 16. a4 Nxe5 17. Nxe5 Qxe5+ 18. Ne2 Rd8 0-1

[Event "Abe Yanofsky mem"]
[Site "Winnipeg CAN"]
[Date "2006.09.02"]
[Round "3"]
[White "Wiebe, Daniel"]
[Black "Clark, Jeff"]
[Result "0-1"]
[WhiteElo "1392"]
[BlackElo "1790"]
[PlyCount "66"]
[EventDate "2006.09.03"]
[EventType "swiss"]
[EventRounds "6"]
[EventCountry "CAN"]

1. e4 Nf6 2. Nc3 d6 3. d4 Nbd7 4. Nf3 e5 5. dxe5 dxe5 6. Bg5 Be7 7. Qd2 O-O 8.
O-O-O c6 9. h4 b5 10. h5 Qc7 11. h6 g6 12. g3 b4 13. Ne2 Nxe4 14. Qe3 Nxg5 15.
Nxg5 Nb6 16. Nf3 Bf6 17. Bg2 Be6 18. Qc5 Nd5 19. Nh4 Be7 20. Qc4 Nf4 21. Qe4
Bd5 22. Qe3 Nxg2 23. Nxg2 Bxg2 24. Rh2 Bd5 25. f4 Bf6 26. fxe5 Qxe5 27. Qf2
Qxb2+ 28. Kd2 Bxa2 29. Rf1 Rad8+ 30. Ke3 Qe5+ 31. Kf3 Bd5+ 32. Kg4 Qg5+ 33. Kh3
Qh5# 0-1

[Event "Abe Yanofsky mem"]
[Site "Winnipeg CAN"]
[Date "2006.09.03"]
[Round "4"]
[White "Adol, Deng"]
[Black "Towns, Barry"]
[Result "1-0"]
[WhiteElo "1785"]
[BlackElo "1766"]
[PlyCount "103"]
[EventDate "2006.09.03"]
[EventType "swiss"]
[EventRounds "6"]
[EventCountry "CAN"]

1. e4 e5 2. Bc4 Nf6 3. d3 Bc5 4. h3 O-O 5. a3 d5 6. exd5 Nxd5 7. Bd2 Nc6 8. Nc3
Nf4 9. Bxf4 exf4 10. Qd2 Re8+ 11. Ne4 Ne5 12. Bb3 Bf5 13. Qxf4 Bxe4 14. dxe4
Qd6 15. g3 Rad8 16. Kf1 Qd4 17. Ne2 Qxb2 18. Kg2 g5 19. Qxg5+ Ng6 20. Qxc5 Qf6
21. Rad1 Rxe4 22. Rxd8+ Qxd8 23. Nc3 Re5 24. Qxa7 Qd2 25. Qb8+ Kg7 26. Qxc7 Rf5
27. Rf1 Qg5 28. f4 Qf6 29. Ne4 Qd4 30. Qc3 Qxc3 31. Nxc3 Ra5 32. a4 Ne7 33. Rd1
Nc6 34. Rd7 h5 35. Rxf7+ Kh6 36. Rxb7 Nd4 37. Rb6+ Kg7 38. Nb5 Nxb3 39. cxb3
Ra8 40. Nd6 Rf8 41. h4 Kf6 42. a5 Ke7 43. a6 Kd7 44. Ne4 Kc7 45. Rb7+ Kc6 46.
b4 Kd5 47. Ng5 Rc8 48. b5 Kd4 49. a7 Rc2+ 50. Kh3 Ra2 51. b6 Kc5 52. Rb8 1-0

[Event "Abe Yanofsky mem"]
[Site "Winnipeg CAN"]
[Date "2006.09.03"]
[Round "4"]
[White "Anderson, George"]
[Black "Geley, Shawn"]
[Result "0-1"]
[WhiteElo "1471"]
[BlackElo "1517"]
[PlyCount "97"]
[EventDate "2006.09.03"]
[EventType "swiss"]
[EventRounds "6"]
[EventCountry "CAN"]

1. e4 e5 2. Nf3 Nc6 3. d4 exd4 4. c3 d5 5. e5 dxc3 6. Nxc3 Bb4 7. Bd2 f6 8. Bb5
Bd7 9. O-O Nxe5 10. Nxe5 fxe5 11. Qh5+ Kf8 12. Bxd7 Qxd7 13. Qxe5 Nf6 14. Qd4
Bd6 15. g3 c6 16. Bf4 Kf7 17. Na4 Rhe8 18. Bxd6 Qxd6 19. Nc5 Qc7 20. Rfe1 Re7
21. f3 Rae8 22. Nd3 Rxe1+ 23. Rxe1 Rxe1+ 24. Nxe1 Qb6 25. Qxb6 axb6 26. Nd3 Ke6
27. b4 Kd6 28. Kf2 Nd7 29. f4 b5 30. Ke3 b6 31. h4 c5 32. g4 Nf6 33. g5 Ne4 34.
Ne5 Nc3 35. h5 Nxa2 36. h6 gxh6 37. Nf7+ Ke6 38. Nxh6 Nxb4 39. f5+ Ke7 40. f6+
Kf8 41. Nf5 Nc6 42. Nd6 b4 43. Nb5 b3 44. Kd3 Nd4 45. Nc7 Nf3 46. Nxd5 b5 47.
Nc3 c4+ 48. Ke3 b4 49. Nb1 0-1

[Event "Abe Yanofsky mem"]
[Site "Winnipeg CAN"]
[Date "2006.09.03"]
[Round "4"]
[White "Booth, Kevin"]
[Black "Zhou, Lu"]
[Result "0-1"]
[WhiteElo "1606"]
[BlackElo "1786"]
[PlyCount "56"]
[EventDate "2006.09.03"]
[EventType "swiss"]
[EventRounds "6"]
[EventCountry "CAN"]

1. d4 Nf6 2. c4 e6 3. Nc3 Bb4 4. Bg5 h6 5. Bh4 c5 6. e3 d5 7. cxd5 Qa5 8. Nge2
Nxd5 9. Qc2 cxd4 10. exd4 Nc6 11. Qd3 O-O 12. a3 Bd7 13. Rc1 Bd6 14. Bg3 Bxg3
15. Nxg3 a6 16. Be2 Nf4 17. Qe4 Qg5 18. Rd1 Ne7 19. Bf3 Bc6 20. Qe3 Nxg2+ 21.
Bxg2 Bxg2 22. Qxg5 hxg5 23. Rg1 Bc6 24. Nge4 f6 25. Nc5 Kf7 26. Rd3 Nf5 27. Kd1
Rad8 28. Ne2 Bb5 0-1

[Event "Abe Yanofsky mem"]
[Site "Winnipeg CAN"]
[Date "2006.09.03"]
[Round "4"]
[White "Clark, Jeff"]
[Black "Bince, Rolando"]
[Result "0-1"]
[WhiteElo "1790"]
[BlackElo "1894"]
[PlyCount "120"]
[EventDate "2006.09.03"]
[EventType "swiss"]
[EventRounds "6"]
[EventCountry "CAN"]

1. Nf3 Nf6 2. c4 e6 3. d4 d5 4. e3 Bb4+ 5. Bd2 c5 6. Bxb4 cxb4 7. Qa4+ Nc6 8.
Ne5 O-O 9. Nxc6 bxc6 10. Qxb4 Ba6 11. Qa4 Qb6 12. Nd2 Ne4 13. Qc2 Nxd2 14. c5
Nf3+ 15. gxf3 Qb7 16. f4 Rab8 17. O-O-O Bxf1 18. Rhxf1 Qa6 19. Kb1 Rb4 20. b3
Rfb8 21. Rd3 f5 22. Rg1 Qc8 23. Ka1 a5 24. Rb1 Qa6 25. a4 Rf8 26. Rc3 Rf6 27.
f3 Qb7 28. Ka2 Rf8 29. Rg1 Rf6 30. Rd3 Rh6 31. Rg3 Qa6 32. Rd1 Rb8 33. Rdg1 g6
34. h3 Kf7 35. Qd1 Qb7 36. Qd3 Qc7 37. Kb2 Rh5 38. Kc2 Ra8 39. Qd2 Rb8 40. Qh2
Qb7 41. Rb1 Qc7 42. h4 h6 43. Qg2 Rg8 44. Rg1 g5 45. hxg5 hxg5 46. Rxg5 Rgxg5
47. fxg5 Rh2 48. f4 Rxg2+ 49. Rxg2 Qc8 50. Rh2 Kg7 51. b4 axb4 52. Kb3 Qa6 53.
Kxb4 Qd3 54. Rh3 e5 55. fxe5 f4 56. Ka5 fxe3 57. Rxe3 Qxe3 58. Kb6 Qxd4 59.
Kxc6 Qxe5 60. a5 d4 0-1

[Event "Abe Yanofsky mem"]
[Site "Winnipeg CAN"]
[Date "2006.09.03"]
[Round "4"]
[White "Clark, Robert"]
[Black "Khedkar, Jay"]
[Result "0-1"]
[WhiteElo "1602"]
[BlackElo "1822"]
[PlyCount "68"]
[EventDate "2006.09.03"]
[EventType "swiss"]
[EventRounds "6"]
[EventCountry "CAN"]

1. d4 d6 2. c4 Nd7 3. e4 Ngf6 4. Nc3 c6 5. Nf3 e5 6. Bd3 Be7 7. d5 O-O 8. b4
Re8 9. O-O Nf8 10. Qb3 h6 11. Ba3 Ng6 12. c5 Nf4 13. Rfd1 cxd5 14. Bb5 Bd7 15.
Bxd7 Qxd7 16. exd5 Nxg2 17. Kxg2 Qg4+ 18. Kf1 Qxf3 19. Nb5 Qh1+ 20. Ke2 Qe4+
21. Qe3 Red8 22. Nc3 Qxe3+ 23. fxe3 Rac8 24. Na4 dxc5 25. bxc5 Nxd5 26. Rac1
Rc6 27. Nc3 Nxc3+ 28. Rxc3 Rxd1 29. Kxd1 b6 30. Kc2 Bxc5 31. Bxc5 Rxc5 32. Rxc5
bxc5 33. Kc3 f5 34. Kc4 f4 0-1